INDIA ARDHA RATRI MUTHAL ARA NOOTTANDU (Record no. 7108)

MARC details
000 -LEADER
fixed length control field 00336nam a2200133Ia 4500
005 - DATE AND TIME OF LATEST TRANSACTION
control field 20250409181036.0
008 - FIXED-LENGTH DATA ELEMENTS--GENERAL INFORMATION
fixed length control field 250409s9999||||xx |||||||||||||| ||und||
020 ## - INTERNATIONAL STANDARD BOOK NUMBER
International Standard Book Number 81-7130-815-5
100 ## - MAIN ENTRY--PERSONAL NAME
Personal name SHASHI , THAROOR
245 #0 - TITLE STATEMENT
Title INDIA ARDHA RATRI MUTHAL ARA NOOTTANDU
260 ## - PUBLICATION, DISTRIBUTION, ETC.
Name of publisher, distributor, etc. D C BOOKS,
Place of publication, distribution, etc. KOTTAYAM:
650 ## - SUBJECT ADDED ENTRY--TOPICAL TERM
Form subdivision History
942 ## - ADDED ENTRY ELEMENTS (KOHA)
Koha item type BOOK
Holdings
Withdrawn status Lost status Damaged status Not for loan Collection Home library Current library Shelving location Date acquired Total checkouts Full call number Barcode Date last seen Price effective from Koha item type
        History St.Dominics College Library St.Dominics College Library General Stack 04/09/2025   954.04 THA 17074 04/09/2025 04/09/2025 BOOK